000 01402nam a2200277 a 4500
001 000043529
003 DO-SdBNP
005 20240710102828.0
008 140324s2005 dr 000 0 spa d
020 _a9945412167
040 _aDO-SdBNP
_bspa
_cBPMSU
082 4 _a320.98
_bS456e 2005
_222
111 2 _aEncuentro del Grupo Biarritz
_n(2 :
_d2004 :
_cLa Romana, República Dominicana)
245 1 3 _aEl estado de la gobernabilidad en América Latina.
260 _aSanto Domingo :
_bFUNGLODE,
_c2005.
300 _axii, 167 p. ;
_c23 cm.
505 0 _aIntroducción --
_rRafael Toribio --
_rPalabras de bienvenida --
_rLeonel Fernández --
_rDidier Borotra --
_rErnesto Samper --
_rPatricio Aylwin --
_rNicky Fabiancic --
_tDebate I --
_tComunicación y medios de información: Aliados de la gobernabilidad o responsables de la ingobernabilidad?
_tDocumento de debate, Newlink
_tDebate II --
_tPalabras de cierre --
_rLeonel Fernández .
590 _aInventariado, 2024/VM
650 4 _aMedios de comunicación de masas
_xAspectos políticos
_xRepública Dominicana
_xCongresos, conferencias, etc.
650 4 _aEstabilidad política
_zAmérica Latina
_xCongresos, conferencias, etc.
651 4 _aAmérica Latina
_xPolítica y gobierno
_xCongresos, Conferencias, etc.
710 2 _aFundación Global Democracía y Desarrollo
710 z _aFUNGLODE
910 _aVMateo V. Control de calidad. BPMSU
942 _2ddc
_cBK
999 _c14725
_d14725